Development and use of marking techniques to study manatees in Florida (Registro nro. 9701)

Detalles MARC
000 -CABECERA
Campo de control 005500000a22001690004500
090 ## - CLASIFICACIÓN LOCAL
Colección AR
Consecutivo 00609
041 0# - IDIOMA
Código de idioma para texto/pista de sonido o título separado
100 1# - ASIENTO PRINCIPAL--NOMBRE PERSONAL
Nombre personal Irvine, A. Blair
245 10 - MENCION DE TITULO
Título Development and use of marking techniques to study manatees in Florida
650 14 - ASIENTO SECUNDARIO DE MATERIA - TERMINO TEMATICO
Término temático o nombre geográfico como elemento de entrada Mamíferos acuáticos
650 14 - ASIENTO SECUNDARIO DE MATERIA - TERMINO TEMATICO
Término temático o nombre geográfico como elemento de entrada Marcaje de individuos
651 #4 - ASIENTO SECUNDARIO DE MATERIA - NOMBRE GEOGRAFICO
-- Florida
-- Estados Unidos
653 ## - TERMINO DE INDIZACION - NO CONTROLADO
-- Trichechus
-- Trichechus manatus
-- manatí
700 1# - ASIENTO SECUNDARIO - NOMBRE PERSONAL
Nombre personal Scott, Michael D.
773 1# - Item fuente:
Título Biological Research
Especificación de materiales 148
Descripción física 1
Paginas del Articulo 12-26
Lugar, editorial y fecha de publicación 1984
Información sobre la relación 47
942 ## - ELEMENTOS ADICIONALES (KOHA)
Tipo de ítem Artículo
Existencias
Withdrawn status Lost status Damaged status No para préstamo Colección Ubicación Permanente Ubicación actual Fecha de adquisición Fuente de Valor Datos de publicación Seriada Total Checkouts Número topográfico Inventario / Código de Barras Date last seen Ejemplar Price effective from Forma de adquisición Tipo de material
      No para Préstamo Hemeroteca Bogotá Bogotá 27/02/2015 Muñoz Saba, Yaneth Fuera de circulación   AR 00609 010925 25/03/2015 1 25/03/2015   Artículo